Once Upon A Time Trivia #2 - Statistics

General Stats
  • This quiz has been taken 288 times
  • The average score is 9 of 15
Answer Stats
Hint Answer % Correct
What was the name of Captain Hook's ship? Jolly Roger
91%
Who is the Queen of Hearts Cora
85%
Who claims that he never fails? Peter Pan
83%
Who is Regina's step sister? Zelena
83%
What are the other boys in Neverland called? Lost boys
82%
What is the name of Regina's first love? Daniel
78%
In order to cast the curse, who did Regina have to kill? her father
77%
Who is Snow and Charming's son named after? Neal
75%
Who stole from Rumple? Robin Hood
67%
Which person does Captain Hook and Emma accidentally bring back from the past? Marian
58%
What time did the clock in the town square start to move again? 8:15pm
34%
What does Regina's step sister turn green? Jealousy
28%
What kind of monster does Elsa create? Snowman
27%
What does Rumple ask Cinderella to give him in return for giving her the life she wanted? her child
26%
Who is Rumple's father Peter Pan /Pan
1%
No matching quizzes found
Score Distribution
Percent of People with Each Score
Percentile by Number Answered
Your Score History
You have not taken this quiz